000
00298 a2200145 4500
001
195027
040
_c
Magnum
100
_a
SILVA, Elton John Santos
240
1
0
_a
Coronavírus
_l
por
245
1
0
_a
Coronavírus
300
_a
19
362
0
_a
2021
697
_a
LITERATURA INFANTIL
942
_c
BK
999
_c
195027
_d
195027